000 00335nam a22001337a 4500
005 20250901165809.0
008 250320b |||||||| |||| 00| 0 eng d
020 _a9789966362377
050 _aPR 8379.9 .84 2013
245 _aNEVER SAY NEVER
_cMUGO ANTHONY
260 _aKENYA
_bLONGHORN PUBLISHERS
_c2013
300 _a161
942 _2lcc
999 _c9353
_d9353